Complete CLAT: (Record no. 195450)

MARC details
000 -LEADER
fixed length control field 00717nam a22001937a 4500
005 - DATE AND TIME OF LATEST TRANSACTION
control field 20230405100636.0
010 ## - LCCN (DPL NO)
LC control number ENG-136545
020 ## - INTERNATIONAL STANDARD BOOK NUMBER
International Standard Book Number 9789354493430
Terms of availability 975.00
035 ## - SYSTEM CONTROL NUMBER
System control number EN-120077
037 ## - SOURCE OF ACQUISITION
Source of stock number/acquisition DBAD/PUB
082 ## - DEWEY DECIMAL CLASSIFICATION NUMBER
Classification number 000
100 ## - MAIN ENTRY--PERSONAL NAME
Personal name Gagrani,Harsh
245 ## - TITLE STATEMENT
Title Complete CLAT:
Remainder of title Common law admission test companion(2022-23)/
Statement of responsibility, etc By Harsh Gagrani and Karan Mehta
260 ## - PUBLICATION, DISTRIBUTION, ETC. (IMPRINT)
Place of publication, distribution, etc Uttar Pradesh
Name of publisher, distributor, etc Pearson India Education Services Pvt.Ltd
Date of publication, distribution, etc 2022
270 ## - ADDRESS
Address 15th Floor,Tower-B,World Trade Tower,Plot NO.1,Block-16,Noida
City Uttar Pradesh
Postal code 201301
Electronic mail address companysecretary.india@pearson.com
300 ## - PHYSICAL DESCRIPTION
Extent xciii,vp.;
Other physical details Myth and career
Dimensions 25cm(pbk)
700 ## - ADDED ENTRY--PERSONAL NAME
Personal name Mehta,Karan
942 ## - ADDED ENTRY ELEMENTS (KOHA)
Source of classification or shelving scheme Dewey Decimal Classification
Item type English Books
Classification part 000
Call number suffix GAG
Holdings
Withdrawn status Lost status Not for loan Collection code Home library Current library Date acquired Source of acquisition Cost, normal purchase price Full call number Barcode Copy number Cost, replacement price Koha item type
      Non-fiction Central Jail Tihar Central Jail Tihar 29/03/2023 DBAD/PUB 975.00 000 GAG EN-120077 1 975.00 English Books

© Delhi Public Library
Hit Counter
free hit counter